En busca de lo real (Record no. 60026)

MARC details
000 -LEADER
campo de control de longitud fija 00793nam a2200229 i 4500
001 - NÚMERO DE CONTROL
campo de control 60026
003 - IDENTIFICADOR DE NÚMERO DE CONTROL
campo de control ES-MaACL
005 - FECHA Y HORA DE LA ÚLTIMA TRANSACCIÓN
campo de control 20230906164137.0
007 - CAMPO FIJO DE DESCRIPCIÓN FÍSICA--INFORMACIÓN GENERAL
campo de control de longitud fija t|
008 - DATOS DE LONGITUD FIJA--INFORMACIÓN GENERAL
campo de control de longitud fija 031103s1983 sp ||||1| spa d
100 1# - ENTRADA PRINCIPAL--NOMBRE DE PERSONA
Nombre de persona Espagnat, Bernard d'.
9 (RLIN) 47746
245 10 - MENCIÓN DEL TÍTULO
Título En busca de lo real
Resto del título : la vida de un físico /
Mención de responsabilidad, etc. Bernard d'Espagnat ; versión de Tomás R. Fernández Rodríguez, Miguel Ferrero Melgar y José A. López Brugos.
260 ## - PUBLICACIÓN, DISTRIBUCIÓN, ETC.
Lugar de publicación, distribución, etc. [Madrid] :
Nombre del editor, distribuidor, etc. Alianza,
Fecha de publicación, distribución, etc. [1983]
300 ## - DESCRIPCIÓN FÍSICA
Extensión 232 p. ;
Dimensiones 20 cm.
490 1# - MENCIÓN DE SERIE
Mención de serie Alianza universidad
700 1# - ENTRADA AGREGADA--NOMBRE PERSONAL
Nombre de persona Fernández, Tomás-Ramón.
9 (RLIN) 49432
700 1# - ENTRADA AGREGADA--NOMBRE PERSONAL
Nombre de persona Ferrero Melgar, Tomás R.
9 (RLIN) 50557
700 1# - ENTRADA AGREGADA--NOMBRE PERSONAL
Nombre de persona López Brugos, José A.
9 (RLIN) 73468
830 0# - PUNTO DE ACCESO ADICIONAL DE SERIE-TÍTULO UNIFORME
Título uniforme Alianza universidad
9 (RLIN) 177276
852 ## - LOCALIZACIÓN
Ubicación ES-MaACL
Número de control de estantería L-5301
Sublocalización o colección R.105860
Holdings
Estatus retirado Estado de pérdida Estado de daño No para préstamo Biblioteca de origen Biblioteca actual Ubicación en estantería Fecha de adquisición Fuente de adquisición Total de préstamos Signatura topográfica completa Código de barras Visto por última vez Precio de reemplazo Tipo de ítem Koha
        Biblioteca del Ateneo de Madrid Biblioteca del Ateneo de Madrid Depósito 2 17/01/2008     L-5301 1062955 23/02/2023 23/02/2023 Libro impreso